| 000 | 00547cam a2200181 i 4500 | ||
|---|---|---|---|
| 005 | 20250901165423.0 | ||
| 008 | 800305s1981 njua b 001 0 eng | ||
| 010 | _a 80012553 | ||
| 020 |
_a0130993255 : _c$16.95 |
||
| 050 | 0 | 0 |
_aHD3616.U46 .W44 1981 _bW44 1981 |
| 082 | 0 | 0 | _a322/.3/0973 |
| 100 | 1 | _aWeidenbaum, Murray L. | |
| 245 | 1 | 0 |
_aBusiness, government, and the public / _cMurray L. Weidenbaum. |
| 250 | _a2d ed. | ||
| 260 |
_aEnglewood Cliffs, N.J. : _bPrentice-Hall, _cc1981. |
||
| 300 |
_aviii, 407 p. : _bill. ; _c24 cm. |
||
| 942 | _2ddc | ||
| 999 |
_c3691 _d3691 |
||